| 000 | 00440cam a2200181ua 4500 | ||
|---|---|---|---|
| 001 | 10741 | ||
| 008 | 190330n ii |||gr||||Z||||||eng | ||
| 020 | _a9788125919070 | ||
| 040 | _cMAIN | ||
| 082 | _a370.15 | ||
| 100 |
_aS S Chauhan, _eAuthor. |
||
| 245 | _aAdvanced educational psychology | ||
| 250 | _a7th ed rep. | ||
| 260 |
_aNoida: _bVikas publishing house pvt ltd, _c2016. |
||
| 300 | _a527p. | ||
| 653 | _aEducation | ||
| 942 | _cBK | ||
| 999 |
_c9707 _d9707 |
||